Visualizzazione normale
Vista MARC
- Groizard y Coronado, Carlos,
di Personal Name
Records bibliografici associati: 1
001 - CONTROL NUMBER
- control field: 27417
003 - CONTROL NUMBER IDENTIFIER
- control field: IT-RoINE
005 - DATE AND TIME OF LATEST TRANSACTION
- control field: 20161104111946.0
008 - FIXED-LENGTH DATA ELEMENTS
- fixed length control field: 161104|| aca||aabn | a|a d
040 ## - CATALOGING SOURCE
- Original cataloging agency: IT-RoINE
- Transcribing agency: IT-RoINE
100 ## - HEADING--PERSONAL NAME
- Personal name: Groizard y Coronado, Carlos,
- Dates associated with a name: 1858-1934
670 ## - SOURCE DATA FOUND
- Source citation: Work cat.: (IT-RoINE)0: Groizard y Coronado, Carlos, 1858-1934, La Diócesis de Calahorra en el siglo XV :, 1913.